Prénom en commun #7 - Patrick - Statistiques

Statistiques générales
  • Ce quiz a été pris 226 fois
  • Le résultat moyen est 8 sur 13
Statistiques - réponses
Indice Prénom Nom % Correct
Chanteur de 'Mon Amant de Saint-Jean', 'Marre de cette nana-là' et 'Alors regarde'. Patrick Bruel
90%
Présentateur de 'Carnaval', 'Le Grand Bluff', 'Le Plus Grand Cabaret du monde' et 'De l'autre côté du miroir'. Patrick Sébastien
90%
Présentateur de télévision et de radio, journaliste et écrivain français, souvent abrégé PPDA. Patrick Poivre d'Arvor
88%
Co-interprète de la chanson 'Belle' avec Garou et Daniel Lavoie. Patrick Fiori
79%
Acteur français vu dans 'Un Indien dans la Ville', 'Pédale douce', et 'Sur la piste du Marsupilami'. Patrick Timsit
76%
Chanteur suisse qui connaît le succès dans les années 1970 avec 'Où sont les femmes ?' ou encore 'I Love America'. Patrick Juvet
70%
Acteur américain qui se fait largement connaître grâce au succès du film Dirty Dancing. Patrick Swayze
68%
Footballeur international français, un des champion du monde 1998. Patrick Vieira
56%
Acteur français décédé en 1982, concurrent et ami de Gérard Depardieu, révélé avec 'Les Valseuses'. Patrick Dewaere
54%
Acteur américain rendu célèbre par le rôle du Dr Derek Shepherd dans la série Grey's Anatomy. Patrick Dempsey
51%
Animateur français, notamment pour 'Le Juste Prix' et 'Une Famille en Or'. Patrick Roy
30%
Étoile de mer rose pâle en surpoids, meilleur ami de Bob l'Éponge. Patrick Star / Étoile de mer
26%
Youtubeur fançais, créateur d'Axolot. Patrick Baud
20%
Aucun quiz correspondant
Distribution des résultats
% des personnes avec chaque résultat
Percentile par nombre de réponses
Votre historique - résultats
Vous n’avez pas pris ce quiz